Above the Civil War : the story of Thaddeus Lowe, balloonist, inventor, railway builder / by Eugene B. Block.

Bibliographic Details
Main Author: Block, Eugene B.
Format: Book
Language:English
Published: Berkeley, Calif. : Howell-North Books, 1966.
Subjects:

MARC

Tag First Indicator Second Indicator Subfields
LEADER 00000cam a2200000 i 4500
001 in00000097993
005 20150925115401.0
008 750513s1966 caua b 00010 eng
010 |a  66015640  
035 |a (OCoLC)01329529 
035 |9 AAL3189AM 
040 |a DLC  |c APL  |d OCL  |d TXA  |d UtOrBLW 
049 |a TXAM  |c [531011] 
050 0 0 |a TL620.L6  |b B57 
082 0 |a 629.13322 (B) 
100 1 |a Block, Eugene B. 
245 1 0 |a Above the Civil War :  |b the story of Thaddeus Lowe, balloonist, inventor, railway builder / by Eugene B. Block. 
264 1 |a Berkeley, Calif. :  |b Howell-North Books,  |c 1966. 
300 |a 188 pages :  |b illustrations ;  |c 24 cm. 
336 |a text  |b txt  |2 rdacontent 
337 |a unmediated  |b n  |2 rdamedia 
338 |a volume  |b nc  |2 rdacarrier 
504 |a Bibliography: pages 179-181. 
600 1 0 |a Lowe, Thaddeus S. C.,  |d 1832-1913. 
999 |a MARS 
999 f f |s 5dda2c97-c2b4-3864-995c-8db7d3930957  |i 52469bd1-c17f-32c3-a222-c6742ccc4dc5  |t 0 
952 f f |p ric  |a Texas A&M University  |b Rellis Campus  |c Joint Library Facility  |d Remote Storage  |t 0  |e TL620.L6 B57  |h Library of Congress classification  |i unmediated -- volume  |m A14805545141 
998 f f |a TL620.L6 B57  |t 0  |l Remote Storage